00535nam a22001457a 4500003000400000005001700004008004100021040001400062100003200076245010400108260001000212300002800222500010700250504003200357OSt20171010095451.0120626t xxu||||| |||| 00| 0 eng d aMMSUcULS aRalleta, Clarence Revel C.  aGrowth performance of jatropha curcas L. as affected by NPK fertilizers cClarence Revel C. Ralleta c2008  axi, 53 leaves c28 cm.  aThesis (BS Forestry) -- Mariano Marcos State University-College of Agriculture & Forestry, Batac City  aBibliography: leaves 33-36